| 000 | 00667nam a22002417a 4500 | ||
|---|---|---|---|
| 003 | UA-OsUOA | ||
| 001 | 125565 | ||
| 007 | ta | ||
| 008 | 20170919b un ||||| |||| 00| 0 ukr d | ||
| 100 | _aСінкевич О. О. | ||
| 090 |
_a82-94 _bС41 |
||
| 942 | _cBK | ||
| 040 |
_aUA-OsUOA _bukr _cUA-OsUOA _dUA-OsUOA |
||
| 245 |
_aУкраїна: паралельний світ _bпубліцистика |
||
| 300 | _a92 с. | ||
| 955 | _a1 | ||
| 041 | _aukr | ||
| 080 | _a82-94 | ||
| 020 | _a978-966-8770-80-7 | ||
| 260 |
_aЛуцьк _bТвердиня _c2007 |
||
| 650 | 7 |
_a82 Література. Літературознавство _2UDC |
|
| 999 |
_c412809 _d412809 |
||